000 00608nam a2200205Ia 4500
005 20250508163645.0
008 008 250505s9999 xx 000 0 eng d
037 _aTextual
040 _aFEDL
_beng
_cFEDL
041 _aeng
_2eng
084 _a370, SRI
_qFEDL
100 _aSrivastava Anand P
245 0 _aAcquirable excellence at college : A tutorial hand over
260 _aNew Delhi, India
_bSuneeta Srivastava The Learing Laboratory
_c1985
300 _a235p.
365 _aINR
_b140
700 _a Srivastava Anil
_9775897
942 _cTEXL
_h370, SRI
999 _c1384543
_d1384543